Español: sétimo año

保存先:
書誌詳細
第一著者: Sandoval de Fonseca, Virginia
フォーマット: 図書
言語:Undetermined
出版事項: San José, Costa Rica EUNED 1983
主題:
タグ: タグ追加
タグなし, このレコードへの初めてのタグを付けませんか!

MARC

LEADER 00000nam a2200000Ia 4500
008 170316s9999 xx 000 0 und d
090 |a 415-E S-3e 
100 |a Sandoval de Fonseca, Virginia 
245 |a Español: sétimo año 
260 |a San José, Costa Rica 
260 |b EUNED 
260 |c 1983 
300 |a 168 páginas 
650 |a GRAMÁTICA ESPAÑOLA 
999 |c 19097  |d 19097 
040 |a cru BVZT 
942 |c 15 D  |h 415-E S-3e  |2 z